| 000 | 00720nam a2200253Ia 4500 | ||
|---|---|---|---|
| 008 | 220204s9999 xx 000 0 und d | ||
| 082 |
_aNR:063RG`1977' _bRRM |
||
| 245 | 0 | _aProceedings of the R R I M planters' conference, 1977,Oct 17-19, Kuala Lumpur | |
| 260 |
_aMalaysia _bRRIM _c1977 |
||
| 650 | _aBlock rubber | ||
| 650 | _aBrown bast | ||
| 650 | _aCrown budding | ||
| 650 | _aHerbicides | ||
| 650 | _aLegumiminous covercrops | ||
| 650 | _aPhytophthora rubber disease | ||
| 650 | _aPlanting material | ||
| 650 | _aPrevulanisation | ||
| 650 | _aPuncture tapping | ||
| 650 | _aRubber deprotenisation | ||
| 650 | _aRubber effluent | ||
| 650 | _aSmallholders economics | ||
| 650 | _aSMR | ||
| 942 | _cBK | ||
| 999 |
_c40168 _d40168 |
||